Top 20 meilleurs buteurs 2020 (année civil) - Statistiques

Statistiques générales
  • Ce quiz a été pris 253 fois
  • Le résultat moyen est 15 sur 20
Statistiques - réponses
Top Nationalité Nb Buts Réponse % Correct
2 Portugal 41 Cristiano Ronaldo
100%
7 Égypte 26 Mohamed Salah
99%
5 Norvège 33 Erling Haaland
98%
10 Angleterre 23 Harry Kane
98%
6 France 26 Kylian Mbappé
98%
9 Argentine 26 Lionel Messi
97%
1 Pologne 45 Robert Lewandowski
97%
3 Belgique 35 Romelu Lukaku
97%
15 Corée du Sud 22 Heung-min Son
94%
19 Brésil 19 Neymar
88%
13 Suède 22 Zlatan Ibrahimović
88%
4 Italie 34 Ciro Immobile
86%
12 France 23 Karim Benzema
80%
11 Portugal 23 André Silva
65%
8 Portugal 26 Bruno Fernandes
54%
16 Croatie 20 Andrej Kramaric
37%
18 Angleterre 20 Marcus Rashford
34%
17 Espagne 20 Gerard Moreno
27%
14 Pays-Bas 22 Wout Weghorst
20%
20 Italie 19 Francesco Caputo
2%
Aucun quiz correspondant
Distribution des résultats
% des personnes avec chaque résultat
Percentile par nombre de réponses
Votre historique - résultats
Vous n’avez pas pris ce quiz